UN Megacities (10+ Million) on a World Map - Statistics

General Stats
  • This quiz has been taken 46 times
  • The average score is 31 of 33
Answers on the Map
Answers color-coded by a green-red scale on the quiz's map according to % correct below.
 
Answer Stats
City Population % Correct
Bogotá 10,624,315
100%
Buenos Aires 14,017,736
100%
Ciudad de México (Mexico City) 17,734,212
100%
Lima 10,580,241
100%
London 10,416,420
100%
Los Angeles 12,740,420
100%
Moskva (Moscow) 14,524,753
100%
New York City 13,920,148
100%
Al-Qahirah (Cairo) 25,566,102
98%
Beijing 17,013,303
98%
Istanbul 15,014,763
98%
New Delhi 30,222,405
98%
São Paulo 18,949,790
98%
Seoul 22,490,482
98%
Tōkyō (Tokyo) 33,412,512
98%
Jakarta 41,913,860
96%
Lagos 12,791,699
96%
Manila 24,735,305
96%
Kinshasa 10,943,641
93%
Mumbai 20,203,056
93%
Osaka 12,964,145
93%
Shanghai 29,558,908
93%
Dhaka 36,585,479
91%
Guangzhou 27,563,372
91%
Ho Chi Minh City 14,052,713
91%
Karachi 21,422,590
89%
Kolkata 22,549,738
87%
Krung Thep Maha Nakhon (Bangkok) 18,180,280
87%
Luanda 11,370,127
87%
Shenzhen 13,878,396
87%
Chennai 11,153,205
84%
Lahore 15,156,430
84%
Bengaluru 13,187,098
80%
No matching quizzes found
Score Distribution
Percent of People with Each Score
Percentile by Number Answered
Your Score History
You have not taken this quiz